书目信息 |
| 题名: |
世界经典芭蕾舞剧欣赏
|
|
| 作者: | 钱世锦 | |
| 分册: | ||
| 出版信息: | 北京 上海音乐 2002 |
|
| 页数: | 315页 | |
| 开本: | 19cm | |
| 丛书名: | ||
| 单 册: | ||
| 中图分类: | J733 | |
| 科图分类: | ||
| 主题词: | 舞蹈艺术--世界 , 舞蹈艺术--各国 , 舞剧--艺术--世界 , 舞剧--各国--艺术 | |
| 电子资源: | ||
| ISBN: | 7-80667-177-3 | |
| 000 | 00616nam0 2200217 450 | |
| 001 | 0753865015 | |
| 005 | 20070818145745.01 | |
| 010 | @a7-80667-177-3@d¥20.00 | |
| 100 | @a20070818d km y0chiy0120 ea | |
| 101 | 0 | @achi |
| 200 | 1 | @a世界经典芭蕾舞剧欣赏@Ashi jie jing dian ba lei wu ju xin shang@f钱世锦@Fqian shi jin |
| 210 | @a北京@c上海音乐@d2002 | |
| 215 | @a315页@d19cm | |
| 606 | 0 | @a舞蹈艺术@x世界 |
| 606 | 0 | @a舞蹈艺术@y各国 |
| 606 | 0 | @a舞剧@x艺术@x世界 |
| 606 | 0 | @a舞剧@y各国@x艺术 |
| 690 | @aJ733@v3 | |
| 701 | 0 | @a钱世锦@Aqian shi jin |
| 801 | 0 | @aCN@bPFT@c20070818 |
| 905 | @a213230@dJ733@ee4@f1 | |
| 世界经典芭蕾舞剧欣赏/钱世锦.-北京:上海音乐,2002 |
| 315页;19cm |
| ISBN 7-80667-177-3:¥20.00 |
| ● |
| 相关链接 |
|
|
|
|
正题名:世界经典芭蕾舞剧欣赏
索取号:J733/e4
 
预约/预借
| 序号 | 登录号 | 条形码 | 馆藏地/架位号 | 状态 | 备注 |
| 1 | 6303730 | 263037305 | 教育系资料室/ [索取号:J733/e4] | 在馆 |